000
00290nam a22001217a 4500
008
160614b xxu||||| |||| 00| 0 eng d
020
_a
9780803619586
020
_a
0803619588
041
_a
eng
080
_a
618.2
245
_a
Advanced practice nursing:
_c
Lucille A. Joel;
942
_2
udc
_c
BK
999
_c
2506
_d
2506